Wszyscy członkowie rodziny carskiej - Statystyki

Ogólne statystyki
  • Ten quiz został rozwiązany 13 razy
  • Średni wynik to 5 z 7
Statystyki odpowiedzi
Obrazkowy Odpowiedź % Poprawnych
Mikołaj II Romanow
100%
Aleksy Romanow
80%
Anastazja Romanowa
60%
Maria Romanowa
60%
Olga Romanowa
60%
Tatiana Romanowa
60%
Aleksandra Fiodorowna
40%
Nie znaleziono quizów pasujących do podanych kryteriów
Rozkład punktacji
Procent ludzi z każdym wynikiem
Percentyl według liczby udzielonych odpowiedzi
Twoja historia wyników
Nie rozwiązałeś tego quizu